Obnova areálu Cvernovky - Perimeter

Enregistré dans:
Détails bibliographiques
Auteur principal: Mészárosová, Nora (Auteur)
Autres auteurs: Žitňanský, Márius (Directeur de thèse)
Format: Manuscrit Livre
Langue:slovaque
Publié: Bratislava 2016
Sujets:
Accès en ligne:http://is.stuba.sk/zp/portal_zp.pl?podrobnosti=120821
Tags: Ajouter un tag
Pas de tags, Soyez le premier à ajouter un tag!

MARC

LEADER 00000ntm a22000003a 4500
001 stuzp57361
003 SK-STU
005 20210225093502.8
007 ta
008 150427s2015----xo-----f-mn---000-0-slo-d
040 |a STU  |b slo 
041 0 |a slo 
100 1 |a Mészárosová, Nora  |u 058180  |4 aut  |U FAD Fakulta architektúry  |T FA Ústav architektúry občianskych budov  |X 8168  |U A8180  |Y 399  |7 A000008168 
242 0 1 |a Cvernovka-Perimeter  |y eng 
245 1 0 |a Obnova areálu Cvernovky - Perimeter 
260 |c 2016  |a Bratislava 
650 4 |a perimeter  |2 slo 
650 4 |a vzorková predajňa M1C  |2 slo 
650 4 |a Cvernovka  |2 slo 
650 4 |a Cvernovka  |2 eng 
650 4 |a showroom  |2 eng 
650 4 |a perimeter  |2 eng 
700 1 |a Žitňanský, Márius  |u 058180  |k Z1  |4 ths  |U FAD Fakulta architektúry  |T FA Ústav architektúry občianskych budov  |X 439  |U A8180  |Y 399  |7 A000000439 
856 4 |u http://is.stuba.sk/zp/portal_zp.pl?podrobnosti=120821  |u https://opac.crzp.sk/?fn=detailBiblioForm&sid=FFEED6484134604A3C74A5B88729 
SQL |a stuzp57361  |b DDP  |c SLO  |d Obnova areálu Cvernovky - Perimeter  |e 8168  |f Mészárosová, Nora  |g 058180  |h 439  |i Žitňanský, Márius  |j 20160602  |k 153  |l 05  |m http://is.stuba.sk/zp/portal_zp.pl?podrobnosti=120821  |n I-ARCH  |o 5.1.1. architektúra a urbanizmus